000 00799nam a2200205 i 4500
001 41550
003 ES-MaACL
005 20260303141306.0
007 t|
008 030311s1949 sp ||||1| val d
100 1 _aCasp, Xavier,
_d1915-2004
_936331
245 1 0 _aOn vaig, senyor?
_b: sensacions de la Passió /
_cXavier Casp ; ilustracions de Martínez Penella.
260 _aValencia :
_bInstitución Alfonso el Magnánimo :
_bDiputación Provincial de Valencia,
_c1949 (
_fImp. Provincial de Valencia)
300 _a115 p., 3 lám. :
_bil. ;
_c18 cm.
700 1 _aMartínez Penella.
_978317
710 2 _aInstitució Alfons el Magnànim
_9173001
710 1 _aValencia (Provincia).
_bDiputación Provincial.
_97538
852 _aES-MaACL
_jB-2698
_bR.29992
999 _c41550
_d41550